000 00406pab a2200157 454500
008 180718b2007 xxu||||| |||| 00| 0 eng d
100 _aEwenstein, Boris
245 _aBeyond words: aesthetic knowledge and knowing in organizations
260 _c2007
300 _ap.689-708.
650 _aOrganizations
700 _aWhyte, Jennifer
773 _aOrganization Studies
908 _aN
909 _a74219
999 _c74219
_d74219